My Favorite Numbers - Statistics

General Stats
  • This quiz has been taken 14 times
  • The average score is 6 of 10
Answer Stats
Hint Answer % Correct
Jersey # 2
100%
All-Time Reds Player # 11
80%
Greatest Number in Basketball History # 23
80%
Player of Our Generations # 27
60%
Best MLB Player of All Time # 3
60%
Bomber for the Reds in 2014 # 32
40%
Person with second Most Hr's All Time # 44
40%
All Time Best Reds Catcher # 5
40%
Soccer Players # 7
40%
Highest Player in the MLB # 35
20%
No matching quizzes found
Score Distribution
Percent of People with Each Score
Percentile by Number Answered
Your Score History
You have not taken this quiz